Statistiques concernant Football quizz n°18

Cliquez ici pour prendre le quiz!

Statistiques générales

  • Ce quiz a été pris 270 fois
  • Le résultat moyen est 6 sur 15

Statistiques - réponses

QuestionsRéponses% Correct
Qui sont les deux buteurs de Liverpool en finale de LDC contre Tottenham en 2018Salah/Origi
85%
Duo mythique de la défense centrale de la JuventusBonucci/ Chiellini
79%
Défenseur brésilien qui est une légende a MontpellierVitorino Hilton
70%
Autre nom du mot "corner"Coup de pied de coin
59%
Algérien qui évolue a West HamSaid Benrahma
54%
Qui est le jeune espoir Brésilien que a acheté le FC Barcelone cette étéVitor Roque
41%
Qui est le joueur le plus vieux de Ligue 1 actuellementDante
33%
Jeune français transféré de Bordeaux a Southampton en 2022Sekou Mara
32%
Numéro 10 de ArsenalEmile Smith Rowe
27%
Ou a été jouer la finale de la LDC 2018Kiev
23%
Milieu Brésilien prêté par le Real Madrid a l'Om en 2015Lucas Silva
21%
Jeune Belge qui a signé a Chelsea cette étéRoméo Lavia
16%
Jeune Turque évoluant au BenficaKokcu
14%
Nom du stade de ToulouseStadium TFC
7%
Ancien joueur d'Arsenal connue pour avoir eu une crête rougeLjungberg
6%

Distribution des résultats

Percentile par nombre de réponses

% des personnes avec chaque résultat

Votre développement - résultats

Vous n’avez pas pris ce quiz